000 00475nam a22001937a 4500
003 MPLRDC
005 20220104124028.0
008 210129b ||||| |||| 00| 0 eng d
020 _a957-98983-7-5
082 _a411.12 YJZ
100 _a原久子
245 _a呼吸革命
_c许惠凌 译
250 _a初版
260 _a台湾
_b新路出版有限公司
_c1997
300 _b221
490 _a新视界丛书: 7
650 _a呼吸法
942 _cBK
_o411.12 YJZ
999 _c16087
_d16077